000 00987nam a22003017a 4500
001 BR7310351
003 BR-BrBNA
005 20230928084203.0
007 ta
008 230509b bl.||||| |||| 00| 0 por d
040 _aBR-BrBNA
_bpor
_cBiblioteca Nacional de Agricultura
041 _a(Por)
072 _aE70; E10
_b2480
_b/G514
090 _ 2480 BR7310351
110 1 _aSuperintendencia da Borracha, Rio de Janeiro, GB (Brasil)
_910022
245 1 _aO mercado brasileiro da borracha [Consumo; Estatistica comercial; Mercado internacional; Mercado nacional; Preco; Industrializacao]
_bRelatorio do Grupo de Estudos. Portaria e-2/73
260 3 _aRio de Janeiro, GB (Brasil):
_c1973.
300 _a94 p.
500 _a9 illus.; 40 tables
650 _aBORRACHA BRASILEIRA
650 _aCONSUMO
650 _aESTATISTICA COMERCIAL
650 _aMERCADO NACIONAL
650 _aPRECO
650 _aINDUSTRIALIZACAO
909 _a202309
_bLucia
_c55
_dLucia Elande
942 _cBK
999 _c17361
_d17361